| 000 | 00498nam a22001697a 4500 | ||
|---|---|---|---|
| 005 | 20251108175356.0 | ||
| 008 | 250721s2006 xx 000 0 ara d | ||
| 082 | 1 | 4 | _a296.12/معد |
| 100 | 1 | _aمعدى، الحسيني الحسيني | |
| 245 | 1 | 0 | _aالتلمود أسرار حقائق . / |
| 264 | 1 |
_aدمشق : _bدار الكتاب العربي، _c2006. |
|
| 300 | _a815 ص. | ||
| 650 | 1 | 7 | _aالتلمود |
| 650 | 1 | 7 | _aالكتب المقدسة |
| 942 |
_2ddc _cBK |
||
| 999 |
_c132660 _d132660 |
||